Scientific Calculator Buttons - Statistics

General Stats
  • This quiz has been taken 190 times
  • The average score is 29 of 70
Answer Stats
BUTTON % Correct
1
92%
2
92%
3
92%
4
92%
5
92%
6
92%
7
92%
8
92%
9
91%
C
83%
C
83%
s
83%
A
80%
E
75%
0
74%
D
71%
F
69%
B
68%
(
67%
)
67%
/
67%
*
67%
-
67%
+/-
67%
.
67%
+
67%
=
67%
M+
65%
cos
59%
sin
58%
tan
58%
n!
47%
log
41%
pi
36%
ln
35%
x^2
23%
Ce
20%
Exp
20%
MR
18%
MC
17%
Mod
17%
x^3
17%
Inv
16%
1/x
13%
Hyp
13%
x^y
13%
Int
12%
Sta
12%
Dec
11%
Degrees
11%
Radians
10%
Bin
8%
Grads
8%
Hex
8%
MS
8%
Oct
8%
F-E
6%
And
5%
Backspace
5%
Dat
5%
dms
5%
Sum
5%
Help
4%
Or
4%
Xor
4%
Edit
3%
Lsh
3%
Not
3%
View
3%
Ave
2%
No matching quizzes found
Score Distribution
Percent of People with Each Score
Percentile by Number Answered
Your Score History
You have not taken this quiz